000 00714nam a2200289Ia 4500
005 20260324112549.0
008 008 260324s9999 xx 000 0 eng d
020 _a9781351200950
037 _aEBOOK
040 _aCRL
040 _beng
040 _cCRL
041 _2eng
041 _aeng
084 _qCRL
100 _aMohsen Kalantari; Christian Clemen; Mojgan Jadidi
_91143225
245 0 _aBIM and 3D GIS Integration for Digital Twins
245 3 _bAn Introduction
260 _bTaylor and Francis
260 _c2024
365 _a
365 _b160
856 _uhttp://www.taylorfrancis.com/books/9781351200950
942 _cEBOOK
999 _c1732478
_d1732478